Ethics in an era of scam (Record no. 32951)

000 -LEADER
fixed length control field 00708pab a2200157 454500
008 - FIXED-LENGTH DATA ELEMENTS--GENERAL INFORMATION
fixed length control field 180718b1996 xxu||||| |||| 00| 0 eng d
100 ## - MAIN ENTRY--PERSONAL NAME
Personal name Chakrabarti, A.K.
245 ## - TITLE STATEMENT
Title Ethics in an era of scam
260 ## - PUBLICATION, DISTRIBUTION, ETC.
Date of publication, distribution, etc. 1996
300 ## - PHYSICAL DESCRIPTION
Extent p.806-12,815
362 ## - DATES OF PUBLICATION AND/OR SEQUENTIAL DESIGNATION
Dates of publication and/or sequential designation Nov
520 ## - SUMMARY, ETC.
Summary, etc. Corporate bodies are artificial citizens but corporate functions are discharged by natural citizens. The onus is with the natural citizens to become good citizens who can protect the society from the onslaught of scams with their sense of ethics. There lies the strength and the quality in the process of developing the society and the nation. - Reproduced
650 ## - SUBJECT ADDED ENTRY--TOPICAL TERM
Topical term or geographic name entry element Ethics
773 ## - HOST ITEM ENTRY
Main entry heading Management Accountant
909 ## -
-- 32951
Holdings
Withdrawn status Lost status Damaged status Not for loan Permanent Location Current Location Date acquired Serial Enumeration / chronology Barcode Date last seen Price effective from Koha item type
        Indian Institute of Public Administration Indian Institute of Public Administration 2018-07-19 Volume no: 31, Issue no: 11 AR33160 2018-07-19 2018-07-19 Articles

Powered by Koha